[Event "Wch U20 60th"]
[Site "Mexico City"]
[Date "2023.09.27"]
[Round "6"]
[White "Ramos Silvera, Roberto Alejandro"]
[Black "Pastor Carvajal, Jeigoth"]
[Result "1-0"]
[WhiteElo "2297"]
[BlackElo "2033"]
[PlyCount "49"]
[EventDate "2023.09.21"]
[EventType "swiss"]
[EventRounds "11"]
[EventCountry "MEX"]
[SourceTitle "EXT 2024"]
[Source "ChessBase"]
[SourceDate "2023.10.10"]
[SourceVersion "1"]
[SourceVersionDate "2023.10.10"]
[SourceQuality "1"]

1. Nf3 Nf6 2. d4 d5 3. g3 e6 4. c4 Bb4+ 5. Bd2 Be7 6. Bg2 c6 7. Qc2 Nbd7 8. 0-0 Ne4 9. Bf4 g5 10. Be3 f5 11. Nc3 h5 12. Nd2 0-0 13. Ndxe4 dxe4 14. f3 exf3 15. exf3 e5 16. Rad1 exd4 17. Bxd4 Bf6 18. f4 g4 19. Qf2 Bxd4 20. Qxd4 Qb6 21. Rfe1 Qxd4+ 22. Rxd4 Kf7 23. Rd6 Nf6 24. Na4 Re8 25. Rxf6+ 1-0

[Event "CUB-ch U18"]
[Site "Pinar del Rio"]
[Date "2019.06.30"]
[Round "4"]
[White "Gallo Garcia, Kemel Antonio"]
[Black "Ramos Silvera, Roberto Alejandro"]
[Result "1-0"]
[WhiteElo "2275"]
[BlackElo "2169"]
[PlyCount "88"]
[EventDate "2019.06.28"]
[EventType "swiss"]
[EventRounds "9"]
[EventCountry "CUB"]
[SourceTitle "CBM 195 Extra"]
[Source "ChessBase"]
[SourceDate "2020.05.31"]
[SourceVersion "1"]
[SourceVersionDate "2020.05.31"]
[SourceQuality "1"]

1. e4 c5 2. Nf3 Nc6 3. d4 cxd4 4. Nxd4 g6 5. Nc3 Bg7 6. Be3 Nf6 7. Bc4 0-0 8. Bb3 d6 9. f3 Bd7 10. Qd2 Rc8 11. 0-0-0 Ne5 12. Kb1 Re8 13. h4 h5 14. g4 hxg4 15. h5 Nxh5 16. Bh6 e6 17. Rdg1 Qf6 18. fxg4 Nc4 19. Bxc4 Qxd4 20. Bd3 Bxh6 21. Qxh6 Qg7 22. Qd2 Nf6 23. Rg3 Rc5 24. Qh2 Re5 25. Rh3 Kf8 26. Rf1 Ke7 27. Rhf3 Rh8 28. Qf2 Nxg4 29. Rxf7+ Ke8 30. Rxg7 Nxf2 31. Rxf2 Rh1+ 32. Rf1 Rxf1+ 33. Bxf1 Rg5 34. Be2 Rg1+ 35. Bd1 b5 36. b4 a5 37. a3 axb4 38. axb4 d5 39. Kc1 d4 40. Ne2 Rg4 41. Nxd4 Rxe4 42. c3 e5 43. Bc2 Rg4 44. Bxg6+ Kf8 1-0

[Event "CUB-ch U18"]
[Site "Pinar del Rio"]
[Date "2019.06.28"]
[Round "2"]
[White "Alvarez Calzadilla, Jose Avelino"]
[Black "Ramos Silvera, Roberto Alejandro"]
[Result "1/2-1/2"]
[WhiteElo "2239"]
[BlackElo "2169"]
[PlyCount "43"]
[EventDate "2019.06.28"]
[EventType "swiss"]
[EventRounds "9"]
[EventCountry "CUB"]
[SourceTitle "CBM 195 Extra"]
[Source "ChessBase"]
[SourceDate "2020.05.31"]
[SourceVersion "1"]
[SourceVersionDate "2020.05.31"]
[SourceQuality "1"]

1. e4 c5 2. Nf3 d6 3. Bb5+ Bd7 4. Bxd7+ Qxd7 5. 0-0 Nc6 6. c3 Nf6 7. Re1 e6 8. d4 cxd4 9. cxd4 d5 10. e5 Ne4 11. Nbd2 Nxd2 12. Bxd2 Be7 13. Rc1 0-0 14. Rc3 f6 15. exf6 Bxf6 16. Bg5 Qe7 17. Qd2 Nxd4 18. Bxf6 Nxf3+ 19. Rxf3 Rxf6 20. Qxd5 Rd8 21. Qc4 Rxf3 22. gxf3 1/2-1/2

[Event "Agosto de Victorias tt"]
[Site "Mayabeque"]
[Date "2018.08.08"]
[Round "10.2"]
[White "Ramos Silvera, Roberto Alejandro"]
[Black "Garcia Garcia, Alejandro"]
[Result "1/2-1/2"]
[WhiteElo "2166"]
[BlackElo "2213"]
[PlyCount "38"]
[EventDate "2018.08.04"]
[EventType "team-tourn"]
[EventRounds "10"]
[EventCountry "CUB"]
[SourceTitle "EXT 2021"]
[Source "ChessBase"]
[SourceDate "2020.10.23"]
[SourceVersion "1"]
[SourceVersionDate "2020.10.23"]
[SourceQuality "1"]
[WhiteTeam "Havana"]
[BlackTeam "Matanzas"]
[WhiteTeamCountry "CUB"]
[BlackTeamCountry "CUB"]

1. c4 c5 2. Nf3 Nf6 3. Nc3 Nc6 4. g3 g6 5. Bg2 Bg7 6. 0-0 0-0 7. d4 cxd4 8. Nxd4 e6 9. e3 d5 10. cxd5 Nxd5 11. Nxd5 Nxd4 12. exd4 exd5 13. Bf4 Bf5 14. Rc1 Rc8 15. Rxc8 Qxc8 16. Qd2 Bh3 17. Bh6 Bxg2 18. Kxg2 Qd7 19. Bxg7 Kxg7 1/2-1/2

[Event "Agosto de Victorias tt"]
[Site "Mayabeque"]
[Date "2018.08.06"]
[Round "5.2"]
[White "Garcia Garcia, Alejandro"]
[Black "Ramos Silvera, Roberto Alejandro"]
[Result "1/2-1/2"]
[WhiteElo "2213"]
[BlackElo "2166"]
[PlyCount "40"]
[EventDate "2018.08.04"]
[EventType "team-tourn"]
[EventRounds "10"]
[EventCountry "CUB"]
[SourceTitle "EXT 2021"]
[Source "ChessBase"]
[SourceDate "2020.10.23"]
[SourceVersion "1"]
[SourceVersionDate "2020.10.23"]
[SourceQuality "1"]
[WhiteTeam "Matanzas"]
[BlackTeam "Havana"]
[WhiteTeamCountry "CUB"]
[BlackTeamCountry "CUB"]

1. Nf3 c5 2. g3 Nc6 3. Bg2 g6 4. 0-0 Nf6 5. c4 Bg7 6. d4 cxd4 7. Nxd4 0-0 8. Nc3 Qb6 9. Nb3 d6 10. Bg5 Be6 11. Nd5 Bxd5 12. cxd5 Na5 13. Nxa5 Qxa5 14. Qb3 h6 15. Bxf6 Bxf6 16. Rac1 Rac8 17. Bh3 Rc5 18. Rxc5 Qxc5 19. Qxb7 a5 20. Qb3 Qb4 1/2-1/2

[Event "CUB Province-chT Schools 54th"]
[Site "Santa Clara"]
[Date "2018.07.15"]
[Round "5.1"]
[White "Perez Leiva, Jerzy Jesus"]
[Black "Ramos Silvera, Roberto Alejandro"]
[Result "0-1"]
[WhiteElo "2326"]
[BlackElo "2103"]
[PlyCount "128"]
[EventDate "2018.07.13"]
[EventType "team-swiss"]
[EventRounds "9"]
[EventCountry "CUB"]
[SourceTitle "CBM 195 Extra"]
[Source "ChessBase"]
[SourceDate "2020.05.31"]
[SourceVersion "1"]
[SourceVersionDate "2020.05.31"]
[SourceQuality "1"]
[WhiteTeam "Villa Clara"]
[BlackTeam "Matanzas"]
[WhiteTeamCountry "CUB"]
[BlackTeamCountry "CUB"]

1. Nf3 Nf6 2. g3 e6 3. Bg2 d5 4. 0-0 Be7 5. b3 0-0 6. Bb2 c5 7. c4 Nc6 8. e3 Qb6 9. d3 Rd8 10. Qe2 Qc7 11. Nc3 b6 12. Rfd1 Bb7 13. cxd5 Nxd5 14. Ne4 Ba6 15. a3 Rac8 16. Rac1 Rd7 17. Neg5 Bxg5 18. Nxg5 h6 19. Nf3 Qd8 20. Nd2 Qe7 21. Nc4 Bb7 22. Ba1 Rcd8 23. f4 Nf6 24. a4 Nb4 25. Bxb7 Rxb7 26. d4 cxd4 27. Bxd4 Nc6 28. Bb2 Rxd1+ 29. Rxd1 Rd7 30. Ba3 Qd8 31. Rxd7 Qxd7 32. Qd2 Qd5 33. Qxd5 exd5 34. Nd6 d4 35. exd4 Nxd4 36. Nc8 Nxb3 37. Nxa7 Nd7 38. Nc8 Nd2 39. Kf2 Nc4 40. Bb4 Nb2 41. Ke3 Nxa4 42. Kd4 Nac5 43. Kd5 Nf6+ 44. Kd4 Ne6+ 45. Kd3 Nd5 46. Be1 b5 47. Nd6 b4 48. Kc4 Ne3+ 49. Kb3 Nd4+ 50. Kb2 Nf3 51. Bxb4 Nxh2 52. Kc1 Nhf1 53. Be1 Kf8 54. Ne4 f5 55. Nc5 Kf7 56. Kb2 Kg6 57. Ne6 Kh5 58. Kc3 Kg4 59. Kd3 Ng2 60. Nxg7 Nxe1+ 61. Ke2 Nxg3+ 62. Kxe1 Kf3 63. Ne6 h5 64. Nd4+ Kg2 0-1

[Event "CUB School-chT"]
[Site "Santa Clara"]
[Date "2017.07.14"]
[Round "3.1"]
[White "Ramos Silvera, Roberto Alejandro"]
[Black "Gonzalez Rodriguez, Emanuel"]
[Result "1-0"]
[WhiteElo "1900"]
[BlackElo "1868"]
[PlyCount "57"]
[EventDate "2017.07.13"]
[EventType "team-swiss"]
[EventRounds "9"]
[EventCountry "CUB"]
[SourceTitle "EXT 2023"]
[Source "ChessBase"]
[SourceDate "2022.10.05"]
[SourceVersion "1"]
[SourceVersionDate "2022.10.05"]
[SourceQuality "1"]

1. e4 d6 2. d4 Nf6 3. Nc3 c6 4. f4 Qa5 5. Bd3 e5 6. Nf3 Bg4 7. dxe5 dxe5 8. fxe5 Bxf3 9. Qxf3 Qxe5 10. Bf4 Qh5 11. Qg3 Nbd7 12. e5 Nd5 13. Nxd5 cxd5 14. 0-0 Bc5+ 15. Kh1 0-0 16. Rae1 a6 17. Bg5 Rae8 18. Rf5 Qg6 19. Rf6 gxf6 20. Bxg6 fxg6 21. Bh6 Rf7 22. e6 Rfe7 23. Bd2 Rxe6 24. Rxe6 Rxe6 25. Qc7 Re2 26. Qc8+ Bf8 27. Bb4 Nc5 28. Bxc5 Re1+ 29. Bg1 1-0

[Event "Camaguey 503 op"]
[Site "Camaguey"]
[Date "2017.02.03"]
[Round "5.4"]
[White "Ramos Silvera, Roberto Alejandro"]
[Black "Perez Marimon, Jorge De Jesus"]
[Result "1/2-1/2"]
[WhiteElo "1900"]
[BlackElo "1948"]
[PlyCount "109"]
[EventDate "2017.02.01"]
[EventType "swiss"]
[EventRounds "9"]
[EventCountry "CUB"]
[SourceTitle "EXT 2023"]
[Source "ChessBase"]
[SourceDate "2022.10.05"]
[SourceVersion "1"]
[SourceVersionDate "2022.10.05"]
[SourceQuality "1"]

1. e4 e5 2. Nf3 Nc6 3. Bb5 a6 4. Ba4 Nf6 5. 0-0 Be7 6. Re1 b5 7. Bb3 d6 8. c3 0-0 9. h3 Nb8 10. d4 Nbd7 11. Nbd2 Bb7 12. Bc2 Re8 13. Nf1 Bf8 14. Ng3 g6 15. d5 c6 16. dxc6 Bxc6 17. Bb3 Nc5 18. Ng5 Nxb3 19. Qxb3 Ra7 20. Qc2 Rd7 21. Nf3 Bg7 22. Bg5 h6 23. Bxf6 Bxf6 24. c4 bxc4 25. Qxc4 Bb7 26. Rad1 d5 27. exd5 Rxd5 28. Rxd5 Qxd5 29. Qxd5 Bxd5 30. Ne4 Bg7 31. Nc3 Bc6 32. Rd1 Re6 33. b3 Kf8 34. Ne1 e4 35. Nd5 Rd6 36. Ne3 Rxd1 37. Nxd1 Ke7 38. Nc2 Kd6 39. Kf1 Kc5 40. Ke2 f5 41. g3 Bb5+ 42. Kd2 Bd3 43. Nde3 a5 44. h4 h5 45. a3 Bf6 46. b4+ axb4 47. Nxb4 Bc4 48. Nxc4 Kxc4 49. Nc2 f4 50. gxf4 Bxh4 51. Ke3 Kc3 52. Ne1 Be7 53. Kxe4 Bxa3 54. Ng2 Be7 55. Kf3 1/2-1/2

[Event "Camaguey 503 op"]
[Site "Camaguey"]
[Date "2017.02.01"]
[Round "2.4"]
[White "Gonzalez Rodriguez, Emanuel"]
[Black "Ramos Silvera, Roberto Alejandro"]
[Result "0-1"]
[WhiteElo "1908"]
[BlackElo "1900"]
[PlyCount "81"]
[EventDate "2017.02.01"]
[EventType "swiss"]
[EventRounds "9"]
[EventCountry "CUB"]
[SourceTitle "EXT 2023"]
[Source "ChessBase"]
[SourceDate "2022.10.05"]
[SourceVersion "1"]
[SourceVersionDate "2022.10.05"]
[SourceQuality "1"]

1. d4 Nf6 2. c4 g6 3. Nc3 d5 4. e3 Bg7 5. Be2 0-0 6. Nf3 b6 7. cxd5 Nxd5 8. Nxd5 Qxd5 9. Qc2 Nc6 10. Bc4 Qd6 11. a3 Bf5 12. Qd1 Rad8 13. Bd2 a5 14. Rc1 Be4 15. Bc3 e5 16. dxe5 Qe7 17. Qe2 Bxf3 18. Qxf3 Nxe5 19. Qe2 Nxc4 20. Qxc4 Bxc3+ 21. Qxc3 c5 22. 0-0 Rd6 23. Rfd1 Rfd8 24. Qb3 Qf6 25. Rf1 Rd2 26. Rc2 R8d3 27. Qc4 Rd1 28. h3 Rxf1+ 29. Kxf1 Rxe3 30. Re2 Rxe2 31. Qxe2 Qd4 32. Ke1 Kg7 33. Qd2 Qe4+ 34. Kf1 Qc4+ 35. Ke1 b5 36. f3 b4 37. axb4 cxb4 38. Kd1 a4 39. Qe2 Qxe2+ 40. Kxe2 a3 41. Kd2 0-1